[Event "5th HD Bank Cup 2015"]
[Site "Ho Chi Minh City VIE"]
[Date "2015.03.21"]
[Round "7.8"]
[White "Padmini, Rout"]
[Black "Laylo, Darwin"]
[Result "1/2-1/2"]
[WhiteTitle "WGM"]
[BlackTitle "GM"]
[WhiteElo "2454"]
[BlackElo "2499"]
[WhiteFideId "5029295"]
[BlackFideId "5201330"]
[EventDate "2015.03.17"]

1. e4 c6 2. d4 d5 3. e5 Bf5 4. h4 h5 5. c4 e6 6. Nc3 Ne7 7. Nge2 dxc4 8. Ng3 Bg6
9. Bg5 Qb6 10. Qd2 Nd7 11. Bxc4 Nd5 12. O-O Qb4 13. Be2 f6 14. exf6 gxf6 15. Be3
N7b6 16. a3 Qe7 17. Bd3 Bxd3 18. Qxd3 O-O-O 19. Rfe1 Qf7 20. a4 a5 21. Nxd5 Nxd5
22. Bd2 Bb4 23. Bxb4 Nxb4 24. Qc4 Rd5 25. Ne2 Qd7 26. g3 Rg8 27. Rad1 Rg4 28.
Nc3 Rdxd4 29. Rxd4 Rxd4 30. Qxe6 Nd3 31. Qg8+ Kc7 32. Re2 Ne5 33. Kg2 Qf5 34. f4
Nd7 35. Qe6 Qxe6 36. Rxe6 Rd2+ 37. Re2 Rd3 38. f5 Ne5 39. Ne4 Ng4 40. Nc5 Re3
41. Rxe3 Nxe3+ 42. Kf3 Nxf5 43. Ne4 b5 44. axb5 cxb5 45. Nxf6 Ng7 46. Ke4 Kd6
47. g4 hxg4 48. Nxg4 Kc5 49. Kd3 Nh5 50. Nf2 Kb4 51. Kc2 a4 52. Nd3+ Kc4 53. b3+
axb3+ 54. Kb2 1/2-1/2

[Event "5th HD Bank Cup 2015"]
[Site "Ho Chi Minh City VIE"]
[Date "2015.03.21"]
[Round "7.9"]
[White "Nguyen, Van Huy"]
[Black "Tran, Tuan Minh"]
[Result "1/2-1/2"]
[WhiteTitle "IM"]
[BlackTitle "IM"]
[WhiteElo "2452"]
[BlackElo "2455"]
[WhiteFideId "12401064"]
[BlackFideId "12401820"]
[EventDate "2015.03.17"]

1. c4 Nf6 2. g3 c5 3. Bg2 Nc6 4. Nf3 b6 5. Nc3 Bb7 6. O-O e6 7. e4 d6 8. d4 cxd4
9. Nxd4 Rc8 10. b3 Be7 11. Bb2 O-O 12. Rc1 Qd7 13. Qd2 Rfd8 14. Rfd1 Nxd4 15.
Qxd4 Bc6 16. e5 1/2-1/2

[Event "5th HD Bank Cup 2015"]
[Site "Ho Chi Minh City VIE"]
[Date "2015.03.21"]
[Round "7.10"]
[White "Tin, Jingyao"]
[Black "Sadorra, Julio Catalino"]
[Result "1/2-1/2"]
[WhiteTitle "FM"]
[BlackTitle "GM"]
[WhiteElo "2326"]
[BlackElo "2548"]
[WhiteFideId "5804418"]
[BlackFideId "5201268"]
[EventDate "2015.03.17"]

1. Nf3 Nf6 2. c4 e6 3. Nc3 d5 4. d4 Bb4 5. Bg5 Nbd7 6. e3 h6 7. Bxf6 Qxf6 8.
cxd5 exd5 9. Qb3 Qd6 10. a3 Ba5 11. Qb5 Bxc3+ 12. bxc3 O-O 13. Be2 c5 14. O-O b6
15. Rfd1 c4 16. Qb4 Qe6 17. Nd2 Rb8 18. Re1 Bb7 19. e4 dxe4 20. Bxc4 Qg6 21. Re3
Nf6 22. Rae1 Qg5 23. Qe7 b5 24. Bb3 a5 25. Nf1 Nd5 26. Qxg5 hxg5 27. Rg3 Rfc8
28. Bxd5 Bxd5 29. Rxg5 Be6 30. Ng3 Rxc3 31. Nxe4 Rxa3 32. d5 f5 33. Nf6+ Kf8 34.
Nh7+ Kg8 35. Nf6+ Kf8 36. Nh7+ Kg8 37. Nf6+ Kf8 1/2-1/2

[Event "5th HD Bank Cup 2015"]
[Site "Ho Chi Minh City VIE"]
[Date "2015.03.21"]
[Round "7.11"]
[White "Vo, Thanh Ninh"]
[Black "Cao, Sang"]
[Result "1/2-1/2"]
[BlackTitle "GM"]
[WhiteElo "2311"]
[BlackElo "2480"]
[WhiteFideId "12402141"]
[BlackFideId "725056"]
[EventDate "2015.03.17"]

1. c4 e5 2. g3 Nc6 3. Bg2 g6 4. Nc3 Bg7 5. e4 d6 6. Nge2 Nge7 7. O-O O-O 8. d3
a6 9. Rb1 f5 10. Nd5 Nxd5 11. exd5 Nd4 12. Nxd4 exd4 13. b4 a5 14. b5 b6 15. Re1
Re8 16. Rb2 Rxe1+ 17. Qxe1 Bd7 18. Re2 Qf8 19. Re7 Rd8 20. Bg5 h6 21. Bd2 Bf6
22. Re2 Bg5 23. h4 Bxd2 24. Qxd2 Re8 25. Rxe8 Bxe8 26. Qf4 Qg7 27. h5 Kh7 28.
Bh3 Qf6 1/2-1/2

[Event "5th HD Bank Cup 2015"]
[Site "Ho Chi Minh City VIE"]
[Date "2015.03.21"]
[Round "7.12"]
[White "Diu, Viacheslav"]
[Black "Pitra, Andika"]
[Result "0-1"]
[WhiteTitle "IM"]
[BlackTitle "FM"]
[WhiteElo "2457"]
[BlackElo "2310"]
[WhiteFideId "4167465"]
[BlackFideId "7103255"]
[EventDate "2015.03.17"]

1. d4 g6 2. e4 Bg7 3. Nc3 d6 4. Be3 a6 5. f4 b5 6. Bd3 Bb7 7. Nf3 Nd7 8. e5 Nh6
9. Qe2 c5 10. dxc5 Nxc5 11. Bxc5 dxc5 12. O-O-O Qa5 13. Kb1 O-O 14. Be4 b4 15.
Nd5 Rae8 16. Ng5 Bc8 17. Qc4 Ng4 18. h4 e6 19. Nf6+ Nxf6 20. exf6 Bxf6 21. h5
Rd8 22. Rxd8 Rxd8 23. hxg6 hxg6 24. Qb3 Qc7 25. Qh3 Bg7 26. g3 Qd7 27. Qh7+ Kf8
28. Rc1 Qd4 29. c3 bxc3 30. bxc3 Qa4 31. Bxg6 Qb5+ 32. Kc2 Qe2+ 33. Kb3 Qb5+ 34.
Kc2 Qc4 0-1

[Event "5th HD Bank Cup 2015"]
[Site "Ho Chi Minh City VIE"]
[Date "2015.03.21"]
[Round "7.13"]
[White "Nguyen, Dang Hong Phuc"]
[Black "Karthikeyan, P."]
[Result "0-1"]
[BlackTitle "IM"]
[WhiteElo "2047"]
[BlackElo "2452"]
[WhiteFideId "12402761"]
[BlackFideId "5018226"]
[EventDate "2015.03.17"]

1. d4 Nf6 2. Nf3 g6 3. g3 Bg7 4. Bg2 d5 5. O-O O-O 6. c4 dxc4 7. Na3 Nc6 8. Nxc4
Be6 9. b3 a5 10. a4 Bd5 11. Bb2 Nb4 12. Ne3 Be4 13. Ne5 Bxg2 14. Nxg2 c6 15. Nf4
Qb6 16. Nfd3 Nbd5 17. Nc5 Rfd8 18. e4 Nb4 19. Qe2 e6 20. Rfd1 Ne8 21. f4 Na6 22.
Nc4 Qa7 23. Qf2 Nxc5 24. dxc5 Bxb2 25. Nxb2 Nf6 26. Qe3 e5 27. Nd3 exf4 28. gxf4
Re8 29. Ne5 Rad8 30. Kg2 Qb8 31. h3 Nh5 32. Kf3 Qc8 33. Kf2 Qe6 34. Rxd8 Rxd8
35. Nc4 Qf6 36. e5 Qh4+ 37. Kg1 Nxf4 38. Rf1 Qg5+ 39. Kf2 Qg2+ 40. Ke1 Nd3+ 0-1

[Event "5th HD Bank Cup 2015"]
[Site "Ho Chi Minh City VIE"]
[Date "2015.03.21"]
[Round "7.14"]
[White "Nay Oo Kyaw Tun"]
[Black "Bitoon, Richard"]
[Result "1/2-1/2"]
[WhiteTitle "IM"]
[BlackTitle "GM"]
[WhiteElo "2292"]
[BlackElo "2422"]
[WhiteFideId "13000110"]
[BlackFideId "5201110"]
[EventDate "2015.03.17"]

1. e4 e6 2. d4 b6 3. Nf3 Bb7 4. Bd3 c5 5. c3 Nf6 6. Qe2 Be7 7. O-O Nc6 8. a3 Na5
9. Nbd2 c4 10. Bc2 d5 11. e5 Nd7 12. Re1 Qc7 13. Nf1 h6 14. Ng3 O-O-O 15. h3
Rdg8 16. Nh2 g6 17. Rb1 Qd8 18. Ng4 h5 19. Nh2 Nf8 20. Be3 Kb8 21. f4 Bc6 22.
Nf3 Qe8 23. Qd1 Bd8 24. Rf1 Ka8 25. Ng5 Nb7 26. Rf2 Na5 27. Nf1 Nb7 28. Nd2 Na5 1/2-1/2

[Event "5th HD Bank Cup 2015"]
[Site "Ho Chi Minh City VIE"]
[Date "2015.03.21"]
[Round "7.15"]
[White "Tu, Hoang Thong"]
[Black "Turqueza, Mari Joseph"]
[Result "1/2-1/2"]
[WhiteTitle "GM"]
[BlackTitle "FM"]
[WhiteElo "2414"]
[BlackElo "2243"]
[WhiteFideId "12400076"]
[BlackFideId "5204674"]
[EventDate "2015.03.17"]

1. e4 c5 2. b3 d6 3. Bb2 Nf6 4. Nc3 g6 5. d4 Qa5 6. Qd3 cxd4 7. Qb5+ Qxb5 8.
Nxb5 Na6 9. Bxd4 e5 10. Bxa7 Nxe4 11. f3 Nc3 12. Nxc3 Rxa7 13. Nb5 Ra8 14. O-O-O
Kd7 15. f4 Kc6 16. Nf3 f6 17. Kb1 Nc7 18. Nc3 Be6 19. g3 Be7 20. Bg2 Kb6 21. Ne1
Ra5 22. Nd3 f5 23. fxe5 dxe5 24. Rhe1 e4 25. Nf4 Re5 26. Na4+ Kc6 27. g4 Rd8 28.
Rd3 b5 29. Rxd8 Bxd8 30. Nd3 Bf6 31. gxf5 gxf5 32. Nc3 b4 33. Nxe5+ Bxe5 34.
Nxe4 fxe4 35. Rxe4 Bd5 36. Rxe5 Bxg2 37. Kb2 Nb5 38. Rh5 Be4 39. Rh4 Kd5 40.
Rh5+ Kc6 41. Rh4 Kd5 42. Rh5+ Kc6 43. Rh4 1/2-1/2

[Event "5th HD Bank Cup 2015"]
[Site "Ho Chi Minh City VIE"]
[Date "2015.03.21"]
[Round "7.16"]
[White "Yap, Kim Steven"]
[Black "Li, Xueyi"]
[Result "1-0"]
[WhiteTitle "IM"]
[WhiteElo "2389"]
[BlackElo "2190"]
[WhiteFideId "5202809"]
[BlackFideId "8605912"]
[EventDate "2015.03.17"]

1. e4 c6 2. d4 d5 3. e5 c5 4. dxc5 e6 5. a3 Nc6 6. Nf3 Bxc5 7. b4 Bb6 8. Bb2
Nge7 9. Bd3 Ng6 10. O-O O-O 11. Re1 a5 12. b5 Nb8 13. Nbd2 Nd7 14. a4 Nf4 15.
Nb3 Nc5 16. Nxc5 Bxc5 17. Qc1 Ng6 18. c4 dxc4 19. Qxc4 b6 20. Red1 Qe7 21. Bd4
Bxd4 22. Qxd4 Bb7 23. Bxg6 hxg6 24. Qd6 Qd8 25. Nd4 Rc8 26. Nc6 Bxc6 27. bxc6
Qc7 28. Qxc7 Rxc7 29. Rd6 Rfc8 30. Rc1 Kf8 31. h4 Ke7 32. f4 Rd8 33. Rcd1 Rdc8
34. Rd7+ Rxd7 35. Rxd7+ Ke8 36. Rd6 Ke7 37. g3 Rd8 38. c7 Rc8 39. Rxb6 Rxc7 40.
Rb5 Ra7 41. Kf2 Kd7 42. Rc5 Rb7 43. Rxa5 Rb2+ 44. Kf3 Rb3+ 45. Kg4 f5+ 46. Kh3
Kc6 47. Ra7 Kd5 48. Rxg7 Ke4 49. Rxg6 Kf3 50. h5 1-0

[Event "5th HD Bank Cup 2015"]
[Site "Ho Chi Minh City VIE"]
[Date "2015.03.21"]
[Round "7.17"]
[White "Vo, Dai Hoai Duc"]
[Black "Liu, Xiangyi"]
[Result "1-0"]
[BlackTitle "FM"]
[WhiteElo "2195"]
[BlackElo "2380"]
[WhiteFideId "12400033"]
[BlackFideId "8605718"]
[EventDate "2015.03.17"]

1. d4 Nf6 2. c4 g6 3. Nc3 d5 4. cxd5 Nxd5 5. e4 Nxc3 6. bxc3 Bg7 7. Be3 c5 8.
Qd2 O-O 9. Rc1 Nd7 10. h4 Nf6 11. f3 h5 12. Bc4 a6 13. Ne2 b5 14. Bb3 Bb7 15.
Nf4 Kh7 16. Bc2 b4 17. cxb4 cxd4 18. Bxd4 Qb8 19. Be3 Rd8 20. Qf2 Bxe4 21. Bxe4
Qxb4+ 22. Bd2 Nxe4 23. Bxb4 Nxf2 24. Kxf2 Rd4 25. Bxe7 Rxf4 26. Rhd1 Ra4 27. Rc2
Rb8 28. Rdd2 Bd4+ 29. Kg3 Rb7 30. Bd8 Kg7 31. Kh3 Be5 32. g3 Ra3 33. Kg2 Bb8 34.
f4 Ra4 35. Rc6 f5 36. Bf6+ Kf7 37. Bc3 Ra3 38. Rf6+ Ke8 39. Bd4 Ba7 40. Bxa7
Rxa7 41. Rxg6 Rc7 42. Rg8+ Kf7 43. Rg5 Kf6 44. Rxh5 Rcc3 45. Rg5 Rd3 46. Rb2 Rd6
47. h5 Rad3 48. Rg6+ Kf7 49. Rb7+ Kf8 50. Rxd6 Rxd6 51. Kh3 Rd2 52. a4 Rd4 53.
Kh4 Rxa4 54. Kg5 Ra3 55. g4 fxg4 56. Kxg4 a5 57. Kg5 Rg3+ 58. Kf6 Kg8 59. Ra7
Rf3 60. f5 Rh3 61. Rxa5 Rxh5 62. Kg6 1-0

[Event "5th HD Bank Cup 2015"]
[Site "Ho Chi Minh City VIE"]
[Date "2015.03.21"]
[Round "7.18"]
[White "Hoang, Canh Huan"]
[Black "Le, Kieu Thien Kim"]
[Result "1/2-1/2"]
[WhiteTitle "FM"]
[BlackTitle "WIM"]
[WhiteElo "2348"]
[BlackElo "2138"]
[WhiteFideId "12400599"]
[BlackFideId "12400572"]
[EventDate "2015.03.17"]

1. e4 e5 2. Nf3 Nf6 3. d3 Nc6 4. g3 d5 5. exd5 Qxd5 6. Nc3 Bb4 7. Bg2 e4 8. Nd2
Bxc3 9. bxc3 Qc5 10. O-O exd3 11. cxd3 Qxc3 12. Rb1 O-O 13. Rb3 Qa5 14. Bb2 Qf5
15. Qa1 Rd8 16. Ne4 Ne8 17. Rc1 Qg6 18. h4 a5 19. h5 Qh6 20. a3 a4 21. Rb5 f5
22. Nc5 Na5 23. Qa2+ Nb3 24. Re1 Kh8 25. Nxb3 axb3 26. Qxb3 Qxh5 27. Re7 Ra6 28.
Rd5 Rxd5 29. Qxd5 Rd6 30. Qf3 Qg6 31. Qe3 Re6 32. Rxe6 Qxe6 33. Qxe6 Bxe6 34.
Bxb7 Bd7 35. Bd5 Bb5 36. Bc4 Ba4 37. Kf1 Nd6 38. Be6 h5 39. Ke2 Kh7 40. Be5 g6
41. Ke3 Kh6 42. Bf4+ Kg7 43. Bg5 Nf7 44. Be7 Ne5 45. f4 Nc6 46. Bg5 Na7 47. Bd8
Nb5 48. Be7 c6 49. Bc4 Nc3 50. Kd2 Nd5 51. Bd8 Kf7 52. Kc1 Ke8 53. Ba5 Ne3 54.
Ba6 Kd7 55. Bb6 Nd5 56. Bc5 Bb5 57. Bxb5 cxb5 58. Kd2 Kc6 59. Bf8 Kd7 60. Ke2
Ke6 61. Kd2 Kd7 62. Ke2 Ke6 63. Kd2 1/2-1/2

[Event "5th HD Bank Cup 2015"]
[Site "Ho Chi Minh City VIE"]
[Date "2015.03.21"]
[Round "7.19"]
[White "Dang, Hoang Son"]
[Black "Rakhmanov, Aleksandr"]
[Result "0-1"]
[WhiteTitle "FM"]
[BlackTitle "GM"]
[WhiteElo "2237"]
[BlackElo "2639"]
[WhiteFideId "12402435"]
[BlackFideId "4173708"]
[EventDate "2015.03.17"]

1. d4 Nf6 2. Nf3 g6 3. c4 d6 4. g3 Bg7 5. Bg2 c6 6. O-O O-O 7. Nc3 Bf5 8. Re1
Ne4 9. Nd2 Nxc3 10. bxc3 Qc8 11. Nb3 Bh3 12. Bh1 Nd7 13. Rb1 Qc7 14. Nd2 Rab8
15. Qa4 a6 16. Qa3 c5 17. e3 Bf5 18. Rb3 Bc2 19. Rb2 Bd3 20. Be4 Bxe4 21. Nxe4
cxd4 22. exd4 Qxc4 23. Nd2 Qc6 24. Rxe7 Rbe8 25. Rxe8 Rxe8 26. Nf1 Bxd4 27. cxd4
Qxc1 28. Kg2 Re2 29. Rb3 Qxa3 30. Rxa3 Nf6 31. Kf3 Rb2 32. Ne3 d5 33. Ra5 Kg7
34. a3 h5 35. Nxd5 Ng4 36. Rc5 Rxf2+ 37. Ke4 Re2+ 38. Kd3 Rxh2 39. Nf4 Ra2 40.
Rc7 Rxa3+ 41. Kd2 Rxg3 42. Ne6+ Kf6 43. Nd8 Nh6 44. Nxb7 Nf5 45. Rc6+ Kg7 46. d5
Rg4 47. Kc3 Rd4 48. d6 Rd1 49. Rxa6 h4 50. Kc2 h3 51. Ra3 h2 52. Rh3 Rd5 53.
Rxh2 Nxd6 0-1

[Event "5th HD Bank Cup 2015"]
[Site "Ho Chi Minh City VIE"]
[Date "2015.03.21"]
[Round "7.20"]
[White "Le, Tuan Minh"]
[Black "Tran, Quoc Dung"]
[Result "1-0"]
[WhiteTitle "FM"]
[WhiteElo "2393"]
[BlackElo "2288"]
[WhiteFideId "12401153"]
[BlackFideId "12400645"]
[EventDate "2015.03.17"]

1. d4 Nf6 2. Nf3 d5 3. c4 e6 4. Nc3 c6 5. e3 Bd6 6. Bd3 O-O 7. O-O Nbd7 8. e4
dxc4 9. Bxc4 e5 10. Bg5 h6 11. Bh4 b5 12. Bb3 a6 13. Rc1 Bb7 14. Bg3 Qb8 15.
dxe5 Nxe5 16. Nxe5 Bxe5 17. Bxe5 Qxe5 18. f4 Qe7 19. e5 Nd5 20. Ne4 Ne3 21. Qd3
Nxf1 22. Nf6+ gxf6 23. Qg6+ Kh8 24. Qxh6+ Kg8 25. Rc3 Qd7 26. Qg6+ Kh8 27. Qxf6+
Kg8 28. Qg6+ Kh8 29. Qh6+ Kg8 30. Kxf1 Qg4 31. Rg3 Qxg3 32. hxg3 c5 33. Bc2 1-0

[Event "5th HD Bank Cup 2015"]
[Site "Ho Chi Minh City VIE"]
[Date "2015.03.21"]
[Round "7.21"]
[White "Wynn Zaw Htun"]
[Black "Tran, Ngoc Lan"]
[Result "1/2-1/2"]
[WhiteTitle "IM"]
[WhiteElo "2382"]
[BlackElo "2219"]
[WhiteFideId "13002783"]
[BlackFideId "12401811"]
[EventDate "2015.03.17"]

1. Nf3 d5 2. e3 c5 3. Bb5+ Bd7 4. Qe2 Nf6 5. O-O a6 6. Bxd7+ Nbxd7 7. d3 e5 8.
e4 d4 9. a4 b5 10. Na3 Rb8 11. axb5 axb5 12. c4 b4 13. Nb5 Be7 14. Bd2 O-O 15.
Ra7 Ne8 16. Rfa1 Nd6 17. Nc7 Nc8 18. Qd1 Nxa7 19. Rxa7 Bd6 20. Nb5 Nb6 21. g3
Nc8 22. Ra1 Re8 23. Nh4 Bf8 24. f4 Nd6 25. Nxd6 Qxd6 26. Nf3 f6 27. Qa4 Ra8 28.
Qxa8 Rxa8 29. Rxa8 Qc6 30. Ra1 exf4 31. Bxf4 f5 32. Nd2 fxe4 33. Nxe4 h6 34. h4
Be7 35. Kf2 Kf8 36. b3 Kf7 37. Ra7 Ke6 38. Bc7 g5 39. hxg5 hxg5 40. g4 Qe8 41.
Kg2 Qh8 42. Bg3 Qc8 43. Be5 Qc6 44. Bf6 Bf8 45. Bxg5 Qb6 46. Ra8 Kf7 47. Bf4 Qb7
48. Ra1 Be7 49. Kg3 Qb6 50. Ra2 Qb7 51. Bd6 Qd7 52. Bf4 Qb7 53. Rf2 Kg6 54. Ra2
Kf7 1/2-1/2

[Event "5th HD Bank Cup 2015"]
[Site "Ho Chi Minh City VIE"]
[Date "2015.03.21"]
[Round "7.22"]
[White "Duong, The Anh"]
[Black "Bao, Khoa"]
[Result "1-0"]
[WhiteTitle "IM"]
[BlackTitle "IM"]
[WhiteElo "2340"]
[BlackElo "2237"]
[WhiteFideId "12401277"]
[BlackFideId "12401501"]
[EventDate "2015.03.17"]

1. d4 Nf6 2. c4 e6 3. Nc3 Bb4 4. e3 d5 5. a3 Be7 6. Nf3 O-O 7. b4 a5 8. b5 c6 9.
Bb2 dxc4 10. Bxc4 cxb5 11. Nxb5 b6 12. O-O Bb7 13. Nd2 Qd7 14. Bd3 Rc8 15. Qe2
Nd5 16. Rac1 Na6 17. Nf3 Nac7 18. Ne5 Qe8 19. Nxc7 Rxc7 20. Rxc7 Nxc7 21. Qc2
Rc8 22. Bxh7+ Kh8 23. Bd3 Bf6 24. Qe2 g6 25. e4 Bxe5 26. dxe5 Bc6 27. Bd4 Bb5
28. Bxb6 Bxd3 29. Qxd3 Qb5 30. Qd6 Na8 31. Bd8 Kg8 32. Rd1 a4 33. h4 1-0

[Event "5th HD Bank Cup 2015"]
[Site "Ho Chi Minh City VIE"]
[Date "2015.03.21"]
[Round "7.23"]
[White "Nguyen, Anh Khoi"]
[Black "Pham, Le Thao Nguyen"]
[Result "1/2-1/2"]
[WhiteTitle "FM"]
[BlackTitle "IM"]
[WhiteElo "2239"]
[BlackElo "2338"]
[WhiteFideId "12404675"]
[BlackFideId "12401226"]
[EventDate "2015.03.17"]

1. d4 d5 2. c4 c6 3. Nf3 Nf6 4. e3 Bf5 5. Nc3 e6 6. Nh4 Bg6 7. Be2 Nbd7 8. O-O
Bd6 9. g3 Rb8 10. Nxg6 hxg6 11. c5 Bc7 12. b4 e5 13. b5 Ba5 14. Bd2 exd4 15.
exd4 Bxc3 16. Bxc3 Ne4 17. Be1 O-O 18. f3 Ng5 19. Kg2 Re8 20. Bf2 Nf6 21. h4 Ne6
22. Qd2 b6 23. bxc6 bxc5 24. dxc5 Qc7 25. a4 Red8 26. Bb5 d4 27. Rfe1 a6 28.
Bxa6 Qxc6 29. Bb5 Qxc5 30. Rac1 Qa7 31. Re5 Nd5 32. Kg1 Rd6 33. h5 g5 34. Bc4
Ndc7 35. a5 Qa8 36. Qd3 Rbd8 37. Ba2 Nd5 38. Bb1 Nf6 39. Rce1 Rc8 40. Qf5 Rd5
41. h6 Qxa5 42. hxg7 Kxg7 43. f4 gxf4 44. gxf4 Rh8 45. Rxd5 Qxd5 46. Qxd5 Nxd5
47. f5 Ng5 48. Bxd4+ f6 49. Kf2 Rh4 1/2-1/2

[Event "5th HD Bank Cup 2015"]
[Site "Ho Chi Minh City VIE"]
[Date "2015.03.21"]
[Round "7.24"]
[White "Nguyen, Phuoc Tam"]
[Black "To, Nhat Minh"]
[Result "1/2-1/2"]
[BlackTitle "IM"]
[WhiteElo "2059"]
[BlackElo "2323"]
[WhiteFideId "12402109"]
[BlackFideId "729019"]
[EventDate "2015.03.17"]

1. d4 Nf6 2. c4 g6 3. Nc3 Bg7 4. e4 d6 5. Nge2 O-O 6. Ng3 c5 7. d5 e6 8. Be2
exd5 9. exd5 h5 10. Bg5 Qb6 11. Qd2 Nh7 12. h4 Re8 13. O-O-O Nd7 14. Bh6 Ndf6
15. Bxg7 Kxg7 16. Bd3 Bd7 17. f4 Re7 18. Rde1 Rae8 19. Rxe7 Rxe7 20. Re1 Qd8 21.
Rxe7 Qxe7 22. Qe2 Qd8 23. Nf1 Bg4 24. Qe1 a6 25. Ne3 Nf8 26. Ncd1 Bxd1 27. Kxd1
Qd7 28. Qc3 Qa4+ 29. Kc1 Qxa2 30. g4 hxg4 31. Nxg4 Nd7 32. f5 b5 33. Nxf6 Nxf6
34. fxg6 Qa1+ 35. Bb1 Qa4 36. gxf7 Qxc4 37. Qxc4 bxc4 38. Ba2 Nxd5 39. Bxc4 Nc7
40. Kc2 d5 41. Be2 Kxf7 42. h5 a5 43. Kb3 Ne6 44. Ka4 Nf4 45. Bf3 c4 46. Kxa5
Nd3 47. Bxd5+ Kg7 48. Bxc4 1/2-1/2

[Event "5th HD Bank Cup 2015"]
[Site "Ho Chi Minh City VIE"]
[Date "2015.03.21"]
[Round "7.25"]
[White "Nguyen, Tan Thinh"]
[Black "Myo Naing"]
[Result "0-1"]
[BlackTitle "IM"]
[WhiteElo "1990"]
[BlackElo "2299"]
[WhiteFideId "12403458"]
[BlackFideId "13000071"]
[EventDate "2015.03.17"]

1. e4 c5 2. Nf3 d6 3. d4 cxd4 4. Nxd4 Nf6 5. Nc3 Nc6 6. Be3 e5 7. Nb3 Be7 8. Be2
O-O 9. O-O a5 10. f3 a4 11. Nd2 a3 12. b3 Be6 13. Nc4 Nb4 14. Qd2 d5 15. exd5
Nfxd5 16. Nxd5 Nxd5 17. Rad1 Qc7 18. Bf2 b5 19. Ne3 Nc3 20. Ra1 Rfd8 21. Bd3 Bb4
22. Nd1 Nxa2 23. Qg5 Nc3 24. Qh4 Rxd3 25. cxd3 Be7 26. Qh5 Ne2+ 27. Kh1 Nf4 28.
Rc1 Qb8 29. Bc5 Nxh5 30. Bxe7 Nf4 31. Nc3 a2 32. g3 Nxd3 33. Rcd1 Qc7 0-1

[Event "5th HD Bank Cup 2015"]
[Site "Ho Chi Minh City VIE"]
[Date "2015.03.21"]
[Round "7.26"]
[White "Hoang, Thi Bao Tram"]
[Black "Tran, Minh Thang"]
[Result "1-0"]
[WhiteTitle "WGM"]
[BlackTitle "CM"]
[WhiteElo "2303"]
[BlackElo "2196"]
[WhiteFideId "12401102"]
[BlackFideId "12401080"]
[EventDate "2015.03.17"]

1. Nf3 Nf6 2. d4 g6 3. Bg5 Ne4 4. Bf4 Bg7 5. Nbd2 d5 6. c3 c5 7. e3 Qb6 8. Qb3
Nxd2 9. Nxd2 c4 10. Qxb6 axb6 11. e4 e6 12. Be2 Bd7 13. O-O b5 14. Bf3 Bc6 15.
exd5 Bxd5 16. b3 Bxf3 17. Nxf3 Nc6 18. bxc4 bxc4 19. Rfb1 Na5 20. Nd2 Kd7 21.
Rb5 Rhd8 22. Rab1 Bf8 23. Bg5 Rdc8 24. Ne4 h6 25. Nf6+ Kd8 26. Be3 Bg7 27. Ne4
Ke7 28. h4 h5 29. Bg5+ Kf8 30. Nd6 Rc7 1-0

[Event "5th HD Bank Cup 2015"]
[Site "Ho Chi Minh City VIE"]
[Date "2015.03.21"]
[Round "7.27"]
[White "Tran, Manh Tien"]
[Black "Luong, Phuong Hanh"]
[Result "1-0"]
[WhiteElo "2266"]
[BlackElo "2175"]
[WhiteFideId "12401897"]
[BlackFideId "12401013"]
[EventDate "2015.03.17"]

1. d4 Nf6 2. c4 g6 3. g3 Bg7 4. Bg2 d5 5. Nc3 c6 6. cxd5 cxd5 7. Nf3 O-O 8. O-O
Nc6 9. Ne5 e6 10. Bf4 Nh5 11. Nxc6 bxc6 12. Be3 Rb8 13. Na4 Qa5 14. b3 Ba6 15.
Nc5 Rfd8 16. Rc1 e5 17. Bf3 exd4 18. Bxd4 Bxd4 19. Qxd4 Ng7 20. Qf6 Bc8 21. Qxc6
Qxa2 22. Bxd5 Bh3 23. Rfe1 Qa5 24. Red1 Rbc8 25. Qf6 Rf8 26. Qc3 Qb5 27. Qc4 Qb8
28. Qh4 Bf5 29. e4 Qb6 30. exf5 Rxc5 31. Rxc5 Qxc5 32. fxg6 hxg6 33. Qf6 Qc2 34.
Bxf7+ Kh8 35. Qh4+ Nh5 36. Rd8 Rxd8 37. Qxd8+ Kg7 38. Bc4 Qb1+ 39. Bf1 Qa1 40.
Qe7+ Kh6 41. Qe3+ Kh7 42. Kg2 Qg7 43. Bd3 Nf6 44. Qg5 Qf7 45. h4 Kg7 46. f3 Nh5
47. Qe5+ Nf6 48. Bc4 Qd7 49. g4 Qe8 50. Qb2 1-0

[Event "5th HD Bank Cup 2015"]
[Site "Ho Chi Minh City VIE"]
[Date "2015.03.21"]
[Round "7.28"]
[White "Zhou, Guijue"]
[Black "Tu, Hoang Thai"]
[Result "0-1"]
[WhiteTitle "WIM"]
[BlackTitle "IM"]
[WhiteElo "2175"]
[BlackElo "2249"]
[WhiteFideId "8602905"]
[BlackFideId "12400351"]
[EventDate "2015.03.17"]

1. e4 c5 2. Nc3 Nc6 3. Bb5 Na5 4. d3 a6 5. Ba4 b5 6. Bb3 e6 7. Nf3 Bb7 8. a4 b4
9. Ne2 Nxb3 10. cxb3 d5 11. exd5 Qxd5 12. Nf4 Qf5 13. O-O g5 14. Nh5 g4 15. Ng3
Qd5 16. Ne1 h5 17. Be3 h4 18. Ne2 h3 19. Nf4 Qc6 20. f3 e5 21. Ne2 hxg2 22. Rf2
Nf6 23. Ng3 gxf3 24. Rxf3 Ng4 25. Ne4 Nxe3 26. Rxe3 Qh6 27. Nxg2 Qxh2+ 28. Kf2
f5 29. Qf3 fxe4 30. Qf6 Rh6 0-1

[Event "5th HD Bank Cup 2015"]
[Site "Ho Chi Minh City VIE"]
[Date "2015.03.21"]
[Round "7.29"]
[White "Nguyen, Minh Tuan"]
[Black "Nguyen, Thi Mai Hung"]
[Result "1/2-1/2"]
[BlackTitle "WGM"]
[WhiteElo "2142"]
[BlackElo "2248"]
[WhiteFideId "12403512"]
[BlackFideId "12401676"]
[EventDate "2015.03.17"]

1. Nf3 d5 2. g3 Nf6 3. Bg2 c6 4. O-O Bf5 5. b3 e6 6. Bb2 Bd6 7. d3 O-O 8. Nbd2
Nbd7 9. Re1 Bg4 10. e4 dxe4 11. dxe4 Ne5 12. Qc1 Qc7 13. Nxe5 Bxe5 14. Nc4 Bxb2
15. Qxb2 Rad8 16. e5 Nd5 17. Qd4 Bh5 18. Nd6 b6 19. c4 Nb4 20. Qd2 c5 21. a3 Nc6
22. Qg5 Bg6 23. Rad1 Nd4 24. Nb5 Nxb5 25. cxb5 Bc2 26. Rxd8 Rxd8 27. Qe3 Qd7 28.
Bf1 Qd2 29. Qxd2 Rxd2 30. Re3 g5 31. h3 Kg7 32. Kg2 h5 33. g4 hxg4 34. hxg4 Kg6
35. Bc4 Bd1 36. Kg3 Kg7 37. a4 Kf8 38. f3 Ke7 39. Kh3 Bc2 40. Kg3 Bd1 41. Kh3 1/2-1/2